000 00687nas a2200241 4500
001 BR9604558
003 BR-BrBNA
005 20231205094851.0
007 ta
008 230509b bl.|||p| |||| 00| 00por d
040 _aBR-BrBNA
_bpor
_cBiblioteca Nacional de Agricultura
041 _a(Pt)
072 _aN10; L01
100 1 _aCosta, O.A.D.
100 1 _aMonticelli, C.J.
245 1 _aSugestoes para a implantacao de SISCAL
650 _aSUÍNO
650 _aCriacao Intensiva
650 _aInstalacao Agricola
773 0 _tRevista Nacional da Carne (Brazil)
_x
_g(Apr 1996), no. 230 p. 66-74
_wBR9604558
909 _a202311
_bLúcia
_c55
_dLúcia Elande
942 _2AGRIS
_n0
_cANA
999 _c147436
_d147436